| Tag |
First Indicator |
Second Indicator |
Subfields |
| LEADER |
00000cam a2200000 4500 |
| 001 |
in00000045666 |
| 005 |
20151007075210.0 |
| 008 |
721109s1951 nyuad b 00000 eng u |
| 010 |
|
|
|a 51003756
|
| 035 |
|
|
|a (OCoLC)00491275
|
| 035 |
|
|
|9 AAF2804AM
|
| 040 |
|
|
|c WSU
|d TXA
|d UtOrBLW
|
| 049 |
|
|
|a TXAM
|c 1 [201930]
|c 2 [369094]
|
| 050 |
|
0 |
|a GF71
|b .B7 1951
|
| 092 |
|
|
|a 551.5
|b B873c
|
| 100 |
1 |
|
|a Brooks, C. E. P.
|q (Charles Ernest Pelham)
|
| 245 |
1 |
0 |
|a Climate in everyday life.
|
| 264 |
|
1 |
|a New York :
|b Philosophical Library,
|c [1951]
|
| 300 |
|
|
|a 314 pages :
|b charts, diagrams ;
|c 22 cm.
|
| 336 |
|
|
|a text
|b txt
|2 rdacontent
|
| 337 |
|
|
|a unmediated
|b n
|2 rdamedia
|
| 338 |
|
|
|a volume
|b nc
|2 rdacarrier
|
| 504 |
|
|
|a Bibliography: pages 295-301.
|
| 650 |
|
0 |
|a Human beings
|x Effect of climate on.
|
| 999 |
|
|
|a MARS
|
| 999 |
f |
f |
|s 7ad8a667-85fd-3512-96a8-aa08f0d05769
|i c8455ed4-409d-3164-8c16-0c4dcfb69a19
|t 0
|
| 952 |
f |
f |
|p ric
|a Texas A&M University
|b Rellis Campus
|c Joint Library Facility
|d Remote Storage
|t 0
|e GF71 .B7 1951
|h Library of Congress classification
|i unmediated -- volume
|m A14800953200
|
| 998 |
f |
f |
|a GF71 .B7 1951
|t 0
|l Remote Storage
|